Notre Terre - Vaïana (Paroles) - Statistiques

Statistiques générales
  • Ce quiz a été pris 322 fois
  • Le résultat moyen est 287 sur 375
Statistiques - réponses
Indice Paroles % Correct
la
99%
Chef Tui La
99%
99%
à
98%
A
98%
a
98%
de
98%
De
98%
Le
97%
le
97%
ce
96%
tu
96%
Tu
96%
va
96%
les
94%
Chef Tui Les
94%
pas
94%
Chef Tui Vaiana
94%
vas
93%
des
92%
Chef Tui Des
92%
Chef Choeurs | Choeurs Et
92%
et
92%
Chef Chœurs | Chef Tui Chœurs | Chef et Choeurs Te
92%
te
92%
aime
91%
notre
91%
Notre
91%
nous
91%
Chef Tui | Chef Tui (et choeurs) | Vaiana Nous
91%
se
91%
paradis
90%
passer
90%
village
90%
aimer
89%
Chef Tui | Choeurs Aimer
89%
Sina Chef Tui Un
89%
un
89%
Il
88%
il
88%
dans
87%
Laissez
87%
Pour
87%
pour
87%
Chef Tui Tout
87%
tout
87%
coco
86%
Choeurs Coco
86%
fruits
86%
une
86%
Une
86%
noix
85%
ton
85%
Vaiana Je
84%
vie
84%
avons
83%
est
83%
83%
83%
peuple
83%
Tous
83%
tous
83%
arbres
82%
as
82%
danse
82%
du
82%
Chef Tui Ne
82%
ne
82%
Si
81%
chef
80%
suffit
80%
mon
79%
anciens
78%
besoin
78%
Choeurs | Sina Chef Tui Chœurs C'est
78%
c'est
78%
en
78%
Oh
78%
qui
78%
t'en
78%
terre
78%
Terre
78%
voilà
78%
île
77%
toi
77%
veux
77%
d'un
76%
mission
76%
que
76%
mieux
75%
partage
75%
Choeurs Partage
75%
tradition
75%
dessert
74%
préparent
74%
Chef Tui On
73%
on
73%
sucré
73%
Chef Tui | Vaiana Toute
73%
voir
73%
ambition
72%
donne
72%
fait
72%
nature
72%
Son
72%
mais
71%
danseurs
70%
Sina Chef Tui Chœurs Profitons
70%
sur
70%
frais
69%
jour
69%
lait
69%
pourquoi
69%
soirs
67%
celle-ci
66%
Cette
66%
cette
66%
changer
66%
guider
66%
l'eau
66%
n'y
66%
petite
66%
près
66%
viendra
66%
danser
65%
Danser
65%
elle
65%
papa
65%
rentrent
65%
yeux
65%
monde
64%
ouvriras
64%
pêcheurs
64%
celui-là
63%
chaud
63%
fierté
63%
ni
63%
sable
63%
sans
63%
voix
63%
dira
62%
foi
62%
loi
62%
parle
62%
bas
61%
femme
61%
heureux
61%
n'oublie
61%
pieds
61%
quand
61%
tissant
61%
bonheur
59%
rois
59%
Savoir
59%
savoir
59%
feu
58%
Tala J'adore
58%
l'étoile
58%
Orgueil
58%
qu'on
58%
amie
57%
miens
57%
S'il
57%
existe
56%
mère
56%
Chef Tui Oui
56%
soeur
56%
suivre
56%
resterai
55%
comme
54%
cuisiner
54%
faut
54%
L'océan
54%
Tala
54%
vieille
54%
bien
53%
faire
53%
capricieux
52%
dangers
52%
rit
52%
l'abri
51%
malicieux
51%
bel
50%
ira
50%
avenir
49%
comprennes
49%
Indomptable
49%
paniers
49%
auprès
48%
restons
48%
seulement
48%
vrai
48%
guiderai
47%
rêvions
47%
aimons
46%
avant
46%
croire
46%
veut
46%
y'a
46%
Motonui
44%
servent
44%
Choeurs Ah
43%
chanter
43%
dîner
43%
feuilles
43%
Obéis-lui
43%
sous
42%
vers
39%
cieux
38%
Chef Tui D'autres
38%
chaque
34%
envient
34%
l'avenir
34%
Vaiana Car
33%
soin
33%
jurons
32%
ramène
32%
Choeurs Ha
31%
ha
31%
inventerons
29%
Réchauffer
29%
trouveront
16%
Aucun quiz correspondant
Distribution des résultats
% des personnes avec chaque résultat
Percentile par nombre de réponses
Votre historique - résultats
Vous n’avez pas pris ce quiz